| 000 | 00000nam 2200000zi 4500 |
| 001 | 9.929957 |
| 003 | CaOODSP |
| 005 | 20240404104208 |
| 006 | m o d f |
| 007 | cr cn||||||||| |
| 008 | 231103s2016####onca o f|0| 0 fre d |
| 040 | |aCaOODSP|bfre|erda|cCaOODSP |
| 043 | |an-cn--- |
| 086 | 1 |aIu134-46/2013F-PDF |
| 245 | 00|a5 tendances à surveiller pour l’avenir des entreprises canadiennes. |
| 246 | 3 |aCinq tendances à surveiller pour l’avenir des entreprises canadiennes |
| 264 | 1|a[Ottawa] : |bBDC, |c[2016] |
| 300 | |a1 ressource en ligne (1 page non numérotée) : |billustrations |
| 336 | |atexte|btxt|2rdacontent/fre |
| 337 | |ainformatique|bc|2rdamedia/fre |
| 338 | |aressource en ligne|bcr|2rdacarrier/fre |
| 500 | |aTitre de départ. |
| 500 | |aPublié aussi en anglais sous le titre : 5 must-watch trends shaping the future of Canadian business. |
| 520 | |a« Les avancées technologiques, l’évolution démographique et la récession mondiale ont donné naissance à de nouveaux comportements chez les consommateurs. Les petites et moyennes entreprises (PME) doivent s’adapter à cette nouvelle réalité afin de profiter des occasions qui les attendent » -- Page [1]. |
| 650 | 6|aConsommateurs|zCanada|xAttitudes. |
| 650 | 6|aEntreprises|zCanada|xOpinion publique. |
| 650 | 6|aOpinion publique|zCanada. |
| 710 | 2 |aBanque de développement du Canada, |eorganisme de publication. |
| 775 | 08|t5 must-watch trends shaping the future of Canadian business.|w(CaOODSP)9.929956 |
| 856 | 40|qPDF|s1.47 Mo|uhttps://publications.gc.ca/collections/collection_2024/bdc/Iu134-46-2013-fra.pdf |